| 000 | 00441nam a2200181Ia 4500 | ||
|---|---|---|---|
| 001 | 1685 | ||
| 005 | 20260306143746.0 | ||
| 008 | 260306t2011||||xx |||||||||||||| ||spa|| | ||
| 041 | _aESP | ||
| 082 |
_a155 _bG96 |
||
| 100 |
_aGutiérrez Martínez, Francisco (coord.) _eAUT |
||
| 245 | 0 | _aPsiclogía del desarrollo II | |
| 260 | _c2011 | ||
| 300 |
_a425 páginas : _c27 cm. |
||
| 650 | _aGEN | ||
| 654 | _aCPS | ||
| 942 |
_cLIB _dJUS _fJUS _2ddc _n |
||
| 999 |
_c1685 _d1685 |
||